000 00653nam a2200229Ia 4500
003 OSt
005 20220925212619.0
006 a|||||r|||| 00| 0
007 ta
008 220923b |||||||| |||| 00| 0 eng d
037 _cGeneral Book
040 _aRTL
_cRTL
_beng
041 _2eng
_aeng
082 _aU:(G:527), M6
100 _aAdams W M
_9277080
245 0 _aNature's place
_b conversation sites and countrysid
260 _aLondon
_bAllen and Unwin U K
_c1986
300 _axiv,209p.
_ccm.
650 _aGeography - Environment
_9229896
942 _hU:(G:527), M6
_cGB
_2CC
999 _c560807
_d560807